| 000 | 00396pab a2200145 454500 | ||
|---|---|---|---|
| 008 | 180718b1984 xxu||||| |||| 00| 0 eng d | ||
| 100 | _aAlpander, Guvenc G. | ||
| 245 | _aThe synergism of OD (Organisation Development) and supervisory development | ||
| 260 | _c1984 | ||
| 300 | _a26-9 | ||
| 362 | _aMar. | ||
| 650 | _aSupervision | ||
| 773 | _aTraining and Development Journal | ||
| 909 | _a18606 | ||
| 999 |
_c18606 _d18606 |
||